Hodnotenie rizík na pracovisku
Proces hodnotenia rizík je základom a prvým krokom v procese riadenia ochrany zdravia a bezpečnosti pri práci. Povinnosti zamestnávateľa v záujme zaistenia BOZP. Komisia pre posúdenie rizík. Nástroje hodnotenia rizík. Určenie poradia dôležitosti rizík.
Gespeichert in:
| 1. Verfasser: | |
|---|---|
| Format: | Buchkapitel |
| Sprache: | Slowakisch |
| Schlagworte: | |
| Tags: |
Keine Tags, Fügen Sie das erste Tag hinzu!
|
MARC
| LEADER | 00000naa a2200000 4500 | ||
|---|---|---|---|
| 001 | 0160452 | ||
| 005 | 20231120125717.0 | ||
| 041 | 0 | |a slo | |
| 044 | |a SK | ||
| 245 | 1 | 0 | |a Hodnotenie rizík na pracovisku |c Danica Bedlovičová |
| 520 | |a Proces hodnotenia rizík je základom a prvým krokom v procese riadenia ochrany zdravia a bezpečnosti pri práci. Povinnosti zamestnávateľa v záujme zaistenia BOZP. Komisia pre posúdenie rizík. Nástroje hodnotenia rizík. Určenie poradia dôležitosti rizík. | ||
| 610 | 2 | 0 | |a bezpečnosť práce |
| 610 | 2 | 0 | |a rizikovosť práce |
| 610 | 2 | 0 | |a ochrana zdravia |
| 100 | 1 | |a Bedlovičová, Danica | |